01112cam a22003374i 4500003000900000005001700009008004100026020001800067035002700085040003300112082001900145100003600164245009600200264004000296300004500336336002100381337002500402338002300427490002500450504003800475505013600513526000900649526000900658526000800667526000800675526000800683541001700691650001500708650003300723650001800756PE-LiUPU20250731183441.0150706s2008            r     000 0     d  a9788420684123  a(Sirsi) i9788420684123  aPE-LiUPUbspacPE-LiUPUerda04a711.4bS212211 aSánchez de Madariaga,eautor.10aEsquinas inteligentes :bla ciudad y el urbanismo moderno /cInés Sánchez de Madariaga. 1aMadrid :bAlianza Editorial,c2008.  a219 páginas :bilustraciones ;c23 cm.  atext2rdacontent  aunmediated2rdamedia  avolume2rdacarrier0 aAlianza forma ;v157  aIncluye bibliografía comentada.0 aGenealogía del urbanismo actual -- Forma y desarrollo urbano. Dos ejemplos -- La práctica del urbanismo -- Pensar el urbanismo.  aP158  aP146  aP17  aP12  aP06  g015-0015392;04aUrbanismo.04aUso del sueloxPlaneación.04aArquitectura.